Hormonphysiologie – Hormone und Funktionen - Statistiken

Allgemein
  • Dieses Quiz wurde 12 mal gespielt
  • Das Durchschnittsergebnis liegt bei 3 aus 20
Antwortstatistiken
Antwort Hint % Korrekt
Insulin senkt den Blutzuckerspiegel
100%
Glukagon Hormon der Blutzuckerregulation bei niedrigem Blutzuckerspiegel
45%
Progesteron Sekretion der Gebärmutterschleimhaut während der Menstruation, Entwicklung des Embryos
36%
Oestradiol Wachstum der primären und sekundären weiblichen Geschlechtsmerkmale und Gebärmutterschleimhaut bei der Menstruation
27%
Parathormon erhöht die Calciumkonzentration im Plasma
27%
14. Zyklustag Zeitpunkt der Ovulation beim Menschen
18%
Calcitonin Schilddrüsenhormon zur Regulation des Calciumspiegels im Blut
18%
Gelbkörper Ort der Progesteronbildung
18%
Gonadotropin-releasing Hormon sorgt in der Hypophyse für Freisetzung von FSH und LH
9%
Releasing Hormones aktivierende Hormone aus dem Hypothalamus, die auf die Hypophyse wirken
9%
Vasopressin Rückgewinnung von Wasser aus Primärharn
9%
Adiuretin Effektorhormon aus dem Hypothalamus
0%
CRH Steuerhormon des Hypothalamus
0%
GH-RH Steuerhormon des Hypothalamus
0%
GnRH Steuerhormon des Hypothalamus
0%
Hypophysenhinterlappen Lokalisation eines Neurohämalorgans im menschlichen Körper
0%
Oxytocin Effektorhormon aus dem Hypothalamus
0%
PIH Steuerhormon des Hypothalamus
0%
Somatostatin Steuerhormon des Hypothalamus
0%
TRH Steuerhormon des Hypothalamus
0%
Keine übereinstimmenden Quizze gefunden
Verteilung der Resultate
Anzahl Personen mit jedem Resultat
Perzentil nach korrekt beantworteten Fragen
Ihre Resultats-Entwicklung
Sie haben dieses Quiz noch nicht gespielt